00446nam a2200157Ia 450000500170000000800410001704000190005804100120007708200150008924500280010426000450013230000130017750400480019065000400023885000100027820240404103527.0131103s9999 xx 000 0 und d aLoreto College aEnglish a420.7bTEA 4aThe teaching of english aLondonbCambridge University Pressc1959 axv,196p  aIncludes bibilographical references & index aEnglish language - Study & teaching aLCBED